| 000 | 00735nam a22002057a 4500 | ||
|---|---|---|---|
| 999 |
_c19169 _d19169 |
||
| 003 | AR-CdUCM | ||
| 008 | 190516b ||||| |||| 00| 0 spa d | ||
| 040 |
_aMUNICIPALIDAD PROVINCIAL DEL CUSCO _cBIBLIOTECA MUNICIPAL DEL CUSCO |
||
| 082 |
_a838.96 / _bZ98 |
||
| 100 |
_aZweig, Stefan _910851 |
||
| 245 | _aLas dos hermanas y otras narraciones / | ||
| 260 |
_aBuenos Aires : _bAnaconda, _c1950. |
||
| 300 |
_a158 páginas ; _c23 cm. |
||
| 505 | _aContenidos: Las dos hermanas -- Raquel disputa don Dios -- La leyenda de la tercera paloma -- La destrucción ... | ||
| 650 |
_aLiteratura argentina _984 |
||
| 650 |
_aNarraciones _9930 |
||
| 700 |
_aCahn, Alfredo (traductor) _940357 |
||
| 942 |
_2ddc _cLIBROS |
||
| 945 |
_aacv _d2019-05-16 |
||